000 00579 a2200181 4500
999 _c2512
_d2512
020 _a9781137389763
050 0 0 _aLB2369 GRE 2014
100 1 _aGreetham, Bryan,
_d1946-
245 1 0 _aHow to write your undergraduate dissertation /
_cBryan Greetham.
264 _aNew York;
_bPalgrave,
_c2014
300 _ax, 395 p. :
_bill. ;
500 _aIncludes index.
504 _aIncludes bibliographical references (p. [389] ) and index.
650 0 _aDissertations, Academic
_xAuthorship.
650 0 _aAcademic writing.
650 0 _aUndergraduates.
942 _2lcc
_cBK
_h2369
_iGRE
_kLB